| 000 | 00608nam a2200193Ia 4500 | ||
|---|---|---|---|
| 005 | 20250508165935.0 | ||
| 008 | 008 250505s9999 xx 000 0 eng d | ||
| 037 | _aTextual | ||
| 040 |
_aFEDL _beng _cFEDL |
||
| 041 |
_aeng _2eng |
||
| 084 |
_a370.152, TRY _qFEDL |
||
| 100 |
_aTryphon Anastasia Ed. _9144132 |
||
| 245 | 0 | _aPiaget- vygotsky: The social genesis of thought | |
| 260 |
_aEast Sussex _bPsychology Press _c1996 |
||
| 300 | _a215p. | ||
| 546 | _aGifted by HOD Namita Ranaganathan in memory of Prof. Arvind Gaysu | ||
| 942 |
_cTEXL _h370.152, TRY |
||
| 999 |
_c1398311 _d1398311 |
||